उध्वस्त साम्राज्य. (Record no. 264789)

MARC details
000 -LEADER
fixed length control field 00843nam a2200181Ia 4500
008 - FIXED-LENGTH DATA ELEMENTS--GENERAL INFORMATION
fixed length control field 090630s9999 xx 000 0 und d
082 ## - DEWEY DECIMAL CLASSIFICATION NUMBER
Item number 12933
100 ## - MAIN ENTRY--PERSONAL NAME
Personal name बांदोडकर गो. पु. / बांदोडकर व. पु.
245 ## - TITLE STATEMENT
Title उध्वस्त साम्राज्य.
Statement of responsibility, etc बांदोडकर गो. पु. / बांदोडकर व. पु.
260 ## - PUBLICATION, DISTRIBUTION, ETC. (IMPRINT)
Name of publisher, distributor, etc बांदोडकर - गोवा.
300 ## - PHYSICAL DESCRIPTION
Extent 350
600 ## - SUBJECT ADDED ENTRY--PERSONAL NAME
Personal name बांदोडकर गो. पु. / बांदोडकर व. पु.
630 ## - SUBJECT ADDED ENTRY--UNIFORM TITLE
Uniform title उध्वस्त साम्राज्य.
655 ## - INDEX TERM--GENRE/FORM
Genre/form data or focus term कादंबरी.
700 ## - ADDED ENTRY--PERSONAL NAME
Personal name बांदोडकर गो. पु. / बांदोडकर व. पु.
730 ## - ADDED ENTRY--UNIFORM TITLE
Uniform title उध्वस्त साम्राज्य.
942 ## - ADDED ENTRY ELEMENTS (KOHA)
Koha item type Book
Holdings
Withdrawn status Lost status Damaged status Not for loan Home library Current library Date acquired Cost, normal purchase price Total Checkouts Full call number Barcode Date last seen Cost, replacement price Price effective from Koha item type
        Sarvajanik Wachanalaya Shrivardhan Sarvajanik Wachanalaya Shrivardhan   160.00   12933 SAWASHRI-12933 06/30/2009 160.00 06/30/2009 Book